Paper engineering for pop-up books and cards

محفوظ في:
التفاصيل البيبلوغرافية
المؤلف الرئيسي: Hiner, Mark (مؤلف)
التنسيق: كتاب
اللغة:الإنجليزية
منشور في: Tarquin Publications 2012
الطبعة:1a. ed
الموضوعات:
الوسوم: إضافة وسم
لا توجد وسوم, كن أول من يضع وسما على هذه التسجيلة!

MARC

LEADER 00000cam a2200000 a 4500
001 UCE1312
003 CL-VaPUC
008 140407e20120000uk |||||||||||||||||eng|d
020 |a 0906212499 
082 0 4 |a 736.98  |b HIN  |2 21 
100 0 |a Hiner, Mark  |e author  |9 573651 
245 1 0 |a Paper engineering for pop-up books and cards 
250 |a 1a. ed 
300 |a 47 p 
942 |c BK 
945 |d 20140407 11:30:00  |a dcastane 
260 |b Tarquin Publications  |c 2012 
650 7 |a POP-UP  |2 CL-VaPUC  |9 573652 
650 7 |a TRABAJO EN PAPEL  |2 CL-VaPUC  |9 492958 
650 7 |a DISEÑO DE LIBROS  |2 CL-VaPUC  |9 573653 
650 0 |a Papel plegado  |9 434365 
650 7 |a PAPIROFLEXIA  |2 CL-VaPUC  |9 310848 
583 |a last modification  |c 20151207 12:20:28  |k Rodrigo Vera 
999 |c 355143  |d 355141 
952 |0 0  |1 0  |3 erb  |4 0  |6 736_980000000000000_HIN_2012  |7 0  |8 F  |9 461531  |a BIBARQ  |b BIBARQ  |i 506628K  |l 5  |o 736.98 HIN 2012  |p 506628K  |r 2025-01-20  |s 2024-08-07  |w 2019-11-23  |y BK_F  |z Catalogado en:20140407  |k ARQ